Top 15 des pays avec le plus de prostituées estimées (tous genres conf - Statistiques

Statistiques générales
  • Ce quiz a été pris 222 fois
  • Le résultat moyen est 10 sur 15
Statistiques - réponses
Estimation approximative (en millions) Pays % Correct
~2–3 millions Chine
91%
~1–2 millions Brésil
88%
~3+ millions Inde
88%
~1 million Russie
87%
~500 000 – 1 million Mexique
82%
~1 million Thaïlande
78%
~100 000 – 300 000 Espagne
74%
~400 000 Allemagne
69%
~1 million États-Unis
67%
~250 000 Indonésie
57%
~100 000 – 150 000 Ukraine
51%
~300 000 Vietnam
49%
~300 000 Nigeria
46%
~500 000 Philippines
38%
~200 000 Kenya
8%
Aucun quiz correspondant
Distribution des résultats
% des personnes avec chaque résultat
Percentile par nombre de réponses
Votre historique - résultats
Vous n’avez pas pris ce quiz